|
|
|
|
| LEADER |
00000nab a2200000 a 4500 |
| 001 |
vtls000901603 |
| 003 |
SK-MaSNL |
| 005 |
20260302175758.0 |
| 008 |
040720e19990923xo 0 slo |
| 035 |
|
|
|a KE10585
|
| 040 |
|
|
|a KEVKJB
|b slo
|c KEVKJB
|e AACR2
|
| 041 |
0 |
|
|a slo
|
| 044 |
|
|
|a xo
|c SK
|
| 080 |
|
|
|a 669.1
|2 1981
|
| 100 |
1 |
|
|a Rusnáková, Vanda
|4 aut
|9 883481
|
| 245 |
1 |
0 |
|a Eichler zostáva, rezešovcom brány do VSŽ neotvorili
|b Reportér týždenníka Trend uplatnil svoje akcionárske práva na mimoriadnom valnom zhromaždení VSŽ...
|
| 610 |
2 |
7 |
|a Východoslovenské železiarne (Košice, Slovensko)
|2 KEVKJB
|
| 610 |
2 |
7 |
|a Východoslovenské železiarne Holding (Košice, Slovensko)
|2 snkbucl
|9 29927
|
| 650 |
0 |
7 |
|a valné zhromaždenia
|2 KEVKJB
|9 49799
|
| 650 |
0 |
7 |
|a rady dozorné
|2 KEVKJB
|9 863363
|
| 650 |
0 |
7 |
|a zmeny
|2 KEVKJB
|9 474771
|
| 650 |
0 |
7 |
|a výsledky hlasovania
|2 KEVKJB
|9 887804
|
| 651 |
|
7 |
|a Košice (Slovensko)
|2 KEVKJB
|9 18694
|
| 651 |
|
7 |
|a KE,
|2 KEVKJB
|9 877256
|
| 655 |
|
7 |
|a periodikum
|2 snkbucl
|9 29553
|
| 710 |
2 |
|
|a Východoslovenské železiarne (Košice, Slovensko)
|4 aut
|
| 773 |
0 |
8 |
|t Korzár
|g Roč. 2, č.219, 23.9.1999, s. 2
|
| 852 |
|
|
|a ZVYKNI
|b KIS3GCP
|
| 999 |
|
|
|c 1408247
|d 1410177
|